Những vấn đề lịch sử và văn chương triều Nguyễn

Na minha lista:
Detalhes bibliográficos
Autor principal: Nguyễn, Phong Nam
Formato: Livro
Idioma:Undetermined
Publicado em: Hà Nội Giáo Dục 1997
Assuntos:
Tags: Adicionar Tag
Sem tags, seja o primeiro a adicionar uma tag!
Thư viện lưu trữ: Trung tâm Học liệu Trường Đại học Cần Thơ
LEADER 00705nam a2200229Ia 4500
001 CTU_37026
008 210402s9999 xx 000 0 und d
020 |b 38.000đ 
020 |c 38000 
082 |a 809 
082 |b N104 
100 |a Nguyễn, Phong Nam 
245 0 |a Những vấn đề lịch sử và văn chương triều Nguyễn 
245 0 |c Nguyễn Phong Nam chủ biên...[et al.] 
260 |a Hà Nội 
260 |b Giáo Dục 
260 |c 1997 
650 |a Vietnamese literature,Vietnamese literature 
650 |x History and criticism 
650 |y 19th century 
904 |i Minh, 000617 
980 |a Trung tâm Học liệu Trường Đại học Cần Thơ